[Event "TUR Cup"]
[Site "Antalya"]
[Date "2019.01.31"]
[Round "8"]
[White "Orel, Yusuf"]
[Black "Konez, Serkan"]
[Result "1-0"]
[WhiteElo "1308"]
[BlackElo "1513"]
[PlyCount "106"]
[EventDate "2019.01.27"]
[EventType "swiss"]
[EventRounds "11"]
[EventCountry "TUR"]
[SourceTitle "CBM 188 Extra"]
[Source "ChessBase"]
[SourceDate "2019.02.26"]
[SourceVersion "1"]
[SourceVersionDate "2019.02.26"]
[SourceQuality "1"]

1. e4 d5 2. exd5 Nf6 3. c4 Bf5 4. Nc3 c6 5. Qb3 Qc7 6. d3 Nbd7 7. Be3 Ng4 8. Nf3 Ndf6 9. Be2 Nxe3 10. fxe3 Ng4 11. e4 Bg6 12. g3 e6 13. Rg1 exd5 14. cxd5 Bd6 15. 0-0-0 0-0 16. Kb1 a5 17. a4 Rfb8 18. Rc1 Qd7 19. h3 Nf2 20. Nh4 Nxh3 21. Rgf1 Bxg3 22. Nxg6 hxg6 23. Rf3 Be5 24. Rh1 Ng5 25. Rff1 Bxc3 26. Qxc3 cxd5 27. Qe5 f6 28. Qd4 Rf8 29. Rf2 Nf7 30. Rfh2 Nh6 31. Bd1 Rfd8 32. Bb3 Qe7 33. Bxd5+ Kf8 34. Qg1 Qe8 35. Rg2 g5 36. b3 Rab8 37. Qb6 Qe7 38. Bc4 Qe5 39. Rf1 Ke7 40. Bd5 Rdc8 41. d4 Qd6 42. Qxa5 b6 43. Qb5 Rc7 44. e5 Qd7 45. Qb4+ Ke8 46. Bc4 Qe7 47. Qb5+ Kd8 48. exf6 Qe4+ 49. Rc2 gxf6 50. Rxf6 Nf7 51. Re6 Qh1+ 52. Kb2 Qh8 53. Rce2 Rd7 1-0

[Event "TUR Cup"]
[Site "Antalya"]
[Date "2019.01.30"]
[Round "5"]
[White "Konez, Serkan"]
[Black "Bulut, Muhammed Emin"]
[Result "1/2-1/2"]
[WhiteElo "1513"]
[BlackElo "1731"]
[PlyCount "63"]
[EventDate "2019.01.27"]
[EventType "swiss"]
[EventRounds "11"]
[EventCountry "TUR"]
[SourceTitle "CBM 188 Extra"]
[Source "ChessBase"]
[SourceDate "2019.02.26"]
[SourceVersion "1"]
[SourceVersionDate "2019.02.26"]
[SourceQuality "1"]

1. d4 d5 2. Nc3 Nf6 3. e4 dxe4 4. f3 Bf5 5. fxe4 Nxe4 6. Qf3 Nd6 7. Bf4 Qc8 8. Bxd6 cxd6 9. Bb5+ Bd7 10. Nge2 Bxb5 11. Nxb5 Qd7 12. c4 a6 13. Nbc3 e6 14. 0-0 f6 15. Rae1 Be7 16. Nf4 e5 17. Qh5+ Kd8 18. Ncd5 g6 19. Nxg6 Qe8 20. Ndxe7 hxg6 21. Qxg6 Qxe7 22. Rxf6 Nd7 23. Rxd6 Qh4 24. Rxe5 Qxh2+ 25. Kf2 Rf8+ 26. Ke2 Qf4 27. Rxd7+ Kxd7 28. Qe6+ Kc7 29. Qe7+ Kb8 30. Qd6+ Ka7 31. Qc5+ Kb8 32. Qd6+ 1/2-1/2

[Event "TUR Cup"]
[Site "Antalya"]
[Date "2017.02.02"]
[Round "9"]
[White "Usluoglu, Servet"]
[Black "Konez, Serkan"]
[Result "1-0"]
[WhiteElo "1761"]
[BlackElo "1517"]
[PlyCount "53"]
[EventDate "2017.01.28"]
[EventType "swiss"]
[EventRounds "11"]
[EventCountry "TUR"]
[SourceTitle "CBM 176 Extra"]
[Source "ChessBase"]
[SourceDate "2017.03.02"]
[SourceVersion "1"]
[SourceVersionDate "2017.03.02"]
[SourceQuality "1"]

1. e4 e6 2. d4 b6 3. c4 Bb7 4. Nc3 Bb4 5. Bd3 Nf6 6. f3 0-0 7. Bg5 h6 8. Bh4 g5 9. Bf2 d5 10. cxd5 exd5 11. e5 Re8 12. Nge2 Nfd7 13. 0-0 c5 14. f4 Nc6 15. a3 cxd4 16. Nxd4 Nxd4 17. Bxd4 Bc5 18. Bxc5 bxc5 19. Qh5 c4 20. Bf5 Nf8 21. Kh1 Kg7 22. Nb5 Ne6 23. Nd6 Re7 24. Bxe6 fxe6 25. fxg5 Qd7 26. Rf6 hxg5 27. Rg6+ 1-0